Wald (Record no. 5815)

MARC details
000 -LEADER
fixed length control field 00527nam a22001937i 4500
001 - CONTROL NUMBER
control field 6178
003 - CONTROL NUMBER IDENTIFIER
control field OSt
005 - DATE AND TIME OF LATEST TRANSACTION
control field 20181102151233.0
007 - PHYSICAL DESCRIPTION FIXED FIELD--GENERAL INFORMATION
fixed length control field tu
008 - FIXED-LENGTH DATA ELEMENTS--GENERAL INFORMATION
fixed length control field 161220s2001 xxu||||| |||| 00| 0 d
024 7# - OTHER STANDARD IDENTIFIER
Standard number or code 6178
Source of number or code RID
024 7# - OTHER STANDARD IDENTIFIER
Standard number or code 6178
Source of number or code RSN (alt)
040 ## - CATALOGING SOURCE
Transcribing agency OSt
100 1# - MAIN ENTRY--PERSONAL NAME
Personal name Schneidewind, Peter
Relator term Ed.
245 00 - TITLE STATEMENT
Title Wald
260 ## - PUBLICATION, DISTRIBUTION, ETC.
Place of publication, distribution, etc. Wien :
Name of publisher, distributor, etc. Österreichisches Institut für Raumplanung (ÖIR),
Date of publication, distribution, etc. 2001.
490 ## - SERIES STATEMENT
Series statement Raum. Österreichische Zeitschrift für Raumplanung und Regionalpolitik
Volume/sequential designation 44
International Standard Serial Number 1024-137X
942 ## - ADDED ENTRY ELEMENTS (KOHA)
Koha item type Paper
Holdings
Withdrawn status Lost status Damaged status Not for loan Home library Current library Shelving location Date acquired Inventory number Total Checkouts Barcode Date last seen Price effective from Koha item type
        WIIW WIIW Library 08/04/2004 6178   10001653 01/26/2017 01/26/2017 Paper
The Vienna Instiute for International Economic Studies (wiiw)